000 01224nam a2200253 i 4500
001 190043
003 ES-MaACL
005 20260216063026.0
007 t|
008 200310s1973 sp |||| | spa d
100 1 _aLorda Alaiz, F. M.,
_d1918-1992
_974084
245 1 1 _aCarles Riba, doble traductor de la "Odisea" :
_banálisis y motivaciones : estudio comparativo, en confrontación con el original, de las dos traducciones (1919 y 1948) de la "Odisea", por el poesta catalán Carles Riba /
_cpor Felipe Mª Lorda Alaiz.
260 _aBarcelona :
_b[Universidad, Facultad de Filosofía y Letras],
_c1973 (
_fVernet.)
300 _a10 p. ;
_c24 cm.
502 _aTesis-Univ. Barcelona (Extracto)
594 _aPrecede al tít.: Universidad de Barcelona. Secretariado de Publicaciones, Intercambio Científico y Extensión Universitaria.
600 1 7 _aRiba, Carles,
_d1893-1959-
_xCrítica e interpretación
_2
_9170658
600 0 4 _aHomero.
_tLa Odisea.
_964114
655 _aTesis y escritos académicos
_9226867
710 2 _aUniversidad de Barcelona.
_bFacultad de Filosofía y Letras.
_97149
852 4 _aES-MaACL
_jP-1415 (38)
_9197194
_bR-68610
_cDEPO2
942 _2udc
999 _c190043
_d190043